Music Quiz

Random Music or Kpop Quiz

2 K-pop Songs, 1 Missing Word Quiz Stats

 Plays Quiz Updated Apr 23, 2019

Score 0/30 Timer 05:00
122 Plays Today
% Correct
Drop
93.5%
Me
91.1%
Baby
89.9%
Cry
88.7%
Heart
88.5%
Boy
87.4%
Night
86.8%
Back
85.2%
You
84.3%
Dress
83.2%
Love
81.2%
Moon
80.6%
Up
80.4%
Very
80.3%
One
79.4%
% Correct
Right
79.1%
It's
78.2%
Hot
75.8%
No
75.5%
We
71.7%
Like
71.6%
Take
71.6%
Want
71.5%
Ring
70.7%
Flower
64.1%
Fine
62.8%
Girl
61.3%
Rock
60.2%
Wonderful
59.6%
This
53.3%

You're not logged in!

Compare scores with friends on all Sporcle quizzes.
OR
Log In

Sporcle TV

Today on Sporcle TV


Watch our educational content, quiz creation guides, and fun videos on Sporcle TV.

Show Comments

Extras

Top Quizzes Today


Score Distribution

Your Account Isn't Verified!

In order to create a playlist on Sporcle, you need to verify the email address you used during registration. Go to your Sporcle Settings to finish the process.

Report this User

Report this user for behavior that violates our Community Guidelines.

Details: